000 00673nam a2200205 a 4500
001 000032950
005 20240412074256.0
008 110804s1934 pr r 000 p spa d
040 _aDO-SdBNP
_bspa
_cBNPHU
082 _aRD861.4
_bG373e
100 1 _aGermán, P. M.
_958695
245 1 0 _aEn la caída del héroe :
_bGral. Cesar Augusto Sandino /
_cP. M. Germán.
260 _aSan Juan, Puerto Rico :
_bProgress,
_c1934.
300 _a[6 p. ] ;
_c21 cm.
590 _aInventariado, 2018/BT
600 1 4 _aSANDINO, AUGUSTO CÉSAR
_d1893-1934
_958696
650 0 _aPoesía dominicana
_966
650 0 _aLiteratura dominicana.
_967
910 _aValidado. Control de calidad MFF
999 _c32441
_d32441